000 00395nam a2200181Ia 4500
003 0STCL
008 150530s9999 xx 000 0 und d
040 _aSTCL
_cSTCL
100 _aParappurath
245 _aAranazhikaneram
250 _a7
260 _bParappuram; Mavelikara
_c1999
300 _a0
546 _aMalayalam
942 _2ddc
_cBK
999 _c73746
_d73746
005 20220125171537.0